| 000 | 00440nam a22001457a 4500 | ||
|---|---|---|---|
| 020 | _a8173871086 | ||
| 082 |
_a631.56 _bVER/PO |
||
| 245 | _aPostharvest Technology of Fruits and Vegetables: Handling, Processing, Fermentation and Waste Managenent- Volume - 2- Technology | ||
| 250 | _a1 | ||
| 260 |
_aNew Delhi _bIndus Publishing Company _c2006 |
||
| 300 | _a1222 | ||
| 700 |
_aVerma L.R. _91339 |
||
| 700 |
_aJoshi,V.K. _9404 |
||
| 942 | _cBBS | ||
| 999 |
_c14747 _d14747 |
||